000 00672cam a2200205 a 4500
001 000018226
005 20200929165417.0
008 750313s1953 nyua 000 f eng d
040 _aDO-SdBNP
_cTxDW
_dOCoLC
_dDLC
_dBNPHU
043 _an-mx---
082 _annnn
_bB739m
100 1 _aBorton de Treviño, Elizabeth,
_d1904-2001
_939467
245 1 0 _aMy heart lies south :
_bthe story of my Mexican marriage /
_cElizabeth Borton de Treviño.
260 _aNew York, :
_bThomas Y. Crowell,
_c1953.
300 _a248 p. :
_billus. ;
_c21 cm.
651 0 _aMexico
_xSocial Life And Customs.
_939468
910 _aCatalogación derivada / LC
049 _aBNGR
082 _a917.2
999 _c17747
_d17747